000 00886nam a22002417a 4500
999 _c161483
_d161483
005 20190918170755.0
010 _a1819CHEN B-719579-599
020 _a9789383478477
_c395.00
035 _aB-719579-599
035 _aB-730074
037 _bArena Book Shop
082 _a920
100 _aJain,Seema
245 _aThe life and time of Vinoba Bhave /
_cby Seema Jain
260 _aDelhi
_bArena Book Shop
_c2018
270 _aB-2/410 (IInd Floor), Yamuna Vihar
_bDelhi
_e110053
300 _a96p.:
_bill.
_c22cm(Hb)
490 _aFreedom fighter Vinoba Bhave
500 _aAirport
942 _2ddc
_cCH
_mVIN
_h920